Memoria justificativa que dirige a sus conciudadanos el general Cordova en vindicación de los cargos que por la prensa nacional y extrangera se han hecho a su conducta militar ó política en el mando de los ejércitos de operaciones y de reserva. (Record no. 53690)

MARC details
000 -LEADER
campo de control de longitud fija 01007nam a2200205 i 4500
001 - NÚMERO DE CONTROL
campo de control 53690
003 - IDENTIFICADOR DE NÚMERO DE CONTROL
campo de control ES-MaACL
005 - FECHA Y HORA DE LA ÚLTIMA TRANSACCIÓN
campo de control 20250823063037.0
007 - CAMPO FIJO DE DESCRIPCIÓN FÍSICA--INFORMACIÓN GENERAL
campo de control de longitud fija t|
008 - DATOS DE LONGITUD FIJA--INFORMACIÓN GENERAL
campo de control de longitud fija 960704s1837 fr ||||1| spa d
040 ## - FUENTE DE CATALOGACIÓN
Centro catalogador/agencia de origen CAM
Lengua de catalogación spa
Centro/agencia transcriptor CAM
100 1# - ENTRADA PRINCIPAL--NOMBRE DE PERSONA
Nombre de persona Fernandez de Córdoba, Luis,
Fechas asociadas al nombre 1798-1840
9 (RLIN) 49653
245 10 - MENCIÓN DEL TÍTULO
Título Memoria justificativa que dirige a sus conciudadanos el general Cordova en vindicación de los cargos que por la prensa nacional y extrangera se han hecho a su conducta militar ó política en el mando de los ejércitos de operaciones y de reserva.
260 ## - PUBLICACIÓN, DISTRIBUCIÓN, ETC.
Lugar de publicación, distribución, etc. Paris :
Nombre del editor, distribuidor, etc. [s.n.],
Fecha de publicación, distribución, etc. 1837 (
Fabricante Imprenta de Julio Didot Mayor)
300 ## - DESCRIPCIÓN FÍSICA
Extensión [2], 434, [1] p., [1] h. de map. pleg. ;
Dimensiones 23 cm.
594 ## - Nota al título y mención de responsabilidad
Nota al título y mención de responsabilidad Autor tomado de la dedicatoria manuscrita.
651 #4 - PUNTO DE ACCESO ADICIONAL DE MATERIA--NOMBRE GEOGRÁFICO
Nombre geográfico España-
Subdivisión general Historia-
Subdivisión cronológica 1833-1840, Guerra carlista
9 (RLIN) 8250
852 ## - LOCALIZACIÓN
Ubicación ES-MaACL
Número de control de estantería G-8875
Nota libre .- Dedicatoria manuscrita de Luis Fernández de Córdoba, Marqués de Mendigorría al Ateneo de Madrid en 1886
Holdings
Estatus retirado Estado de pérdida Estado de daño No para préstamo Colección Biblioteca de origen Biblioteca actual Ubicación en estantería Fecha de adquisición Fuente de adquisición Total de préstamos Signatura topográfica completa Código de barras Visto por última vez Precio de reemplazo Tipo de ítem Koha
        Libros del s. XIX Biblioteca del Ateneo de Madrid Biblioteca del Ateneo de Madrid Sala Pecera Planta 3 17/01/2008     G-8875 1056417 23/02/2023 23/02/2023 Libro impreso antiguo